les pays du monde - Statistiques

Statistiques générales
  • Ce quiz a été pris 83 fois
  • Le résultat moyen est 8 sur 15
Statistiques - réponses
Hint Réponse % Correct
je suis un pays d'asie qui commence par Y,maintenat cherche dans la avant dernière ligne. yemen
94%
je suis un pays qui est en train de détruire l'ukraine(2023).le double de 5. russie
85%
si tu as bien calculé,bravo tu es arrivé ici.quel pays à inventer le sushi?+4 japon
83%
je suis pays insulaire en amerique du nord qui commence par J.la réponse contien un nombre del lettre que tu dois penser et faire + 4 jamaique
76%
je suis un pays qui confine avec espagne et france.-2 andorre
68%
groenlande.va à la emeixued ligne. danemark
68%
je suis un pays qui contien 4 lettre en amerique du nord.le double du numéro que j'ai écrit dans cette question. cuba
65%
je suis le dernier en ordre alphabetique.et le quatrième mot de cette question et la prochaine ligne à deviner zimbabwe
63%
je suis un pays dont la capitale commence par Z.si tu m'a deviner,bravo elle etait compliquer!maintenant fait la moitié de 12 croatie
61%
je suis le premier pays en ordre alphabetique.va à la 9e ligne afghanistan
46%
bravo.tu as presque terminé!!!quel pays à du rouge et du blanc et il se trouve en asie? indonesie
38%
je suis un pays avec du orange,du jaune,et du blanc.va à la ligne 11. bhoutan
29%
c'est la dernière question.à combien de question à t'il repondu?dans la première ligne la reponse est celle la 13
22%
je suis un pays d'amerique du nord qui commence par la lettre de la capitale du pays de la question précedente.va à la ligne 5. trinité et tobago
18%
va à la 4e ligne,la réponse est misterieuse.tu dois absolument suivre les lignes!!!!!sinon ça ne marchera pas!!!!!!!!!!!!!!!!!!!!!!!!!!!!!!!!!!!!!!!!!!! celle la
7%
Aucun quiz correspondant
Distribution des résultats
% des personnes avec chaque résultat
Percentile par nombre de réponses
Votre historique - résultats
Vous n’avez pas pris ce quiz